QCM sur Genshin Impact - Statistiques

Statistiques générales
  • Ce quiz a été pris 162 fois
  • Le résultat moyen est 9 sur 10
Statistiques - réponses
Question Réponse % Correct
Quel éditeur de jeu vidéo a développé Genshin Impact ? MiHoYo
99%
Comment s'appelle le personnage qui accompagne en tant que guide le voyageur tout au long de l'aventure ? Paimon
99%
Quel est le nom du jeu de carte de Genshin Impact dans lequel il faut affronter des joueurs avec un deck de 3 cartes ? Invocation des Sept
97%
Quel est la mission principale de l'Ordre de Favonius ? Protéger Mondstadt
96%
Combien y-a-t-il d'élements ? 7
91%
Quel roi est connu pour avoir contruit son domaine avec des technologies anciennes dans le désert de Sumeru ? Le roi Deshret
91%
Lequel de ces personnages est Xianyun ?
84%
Avec laquelle de ces méthodes est-il impossible de gagner des primogems ? Les échanges moras-primogems dans une boutique de souvenir
80%
Quel est le niveau maximum auquel on peut améliorer un personnage ? 90
68%
Dans quelle zone de Genshin Impact se trouve la mer des nuages ? Liyue
67%
Aucun quiz correspondant
Distribution des résultats
% des personnes avec chaque résultat
Percentile par nombre de réponses
Votre historique - résultats
Vous n’avez pas pris ce quiz